| 000 | 00470cam a2200157 4500500 | ||
|---|---|---|---|
| 005 | 20250921004235.0 | ||
| 041 | _afre | ||
| 042 | _adc | ||
| 100 | 1 | 0 |
_aCyna, Esther _eauthor |
| 700 | 1 | 0 |
_a Nafaa, Nora _eauthor |
| 245 | 0 | 0 | _aIntroduction |
| 260 | _c2025. | ||
| 500 | _a77 | ||
| 786 | 0 | _nPolitique américaine | 43 | 1 | 2025-08-27 | p. 9-14 | 1771-8848 | |
| 856 | 4 | 1 | _uhttps://shs.cairn.info/revue-politique-americaine-2025-1-page-9?lang=fr&redirect-ssocas=7080 |
| 999 |
_c1507667 _d1507667 |
||